<?xml version="1.0" encoding="UTF-8"?>
<record
    xmlns:xsi="http://www.w3.org/2001/XMLSchema-instance"
    xsi:schemaLocation="http://www.loc.gov/MARC21/slim http://www.loc.gov/standards/marcxml/schema/MARC21slim.xsd"
    xmlns="http://www.loc.gov/MARC21/slim">

  <leader>00699nam a22001813i 4500</leader>
  <controlfield tag="003">BD-RjUL</controlfield>
  <controlfield tag="005">20220927104105.0</controlfield>
  <controlfield tag="008">201214s1996    ii            ||| | urd d</controlfield>
  <datafield tag="035" ind1=" " ind2=" ">
    <subfield code="a">(BD-RjUL)</subfield>
  </datafield>
  <datafield tag="040" ind1=" " ind2=" ">
    <subfield code="a">UkOxU</subfield>
    <subfield code="b">eng</subfield>
    <subfield code="e">rda</subfield>
    <subfield code="c">UkOxU</subfield>
  </datafield>
  <datafield tag="041" ind1=" " ind2=" ">
    <subfield code="a">urd</subfield>
  </datafield>
  <datafield tag="082" ind1=" " ind2=" ">
    <subfield code="2">23</subfield>
    <subfield code="a">909.09767</subfield>
  </datafield>
  <datafield tag="245" ind1="0" ind2="0">
    <subfield code="a">&#x639;&#x627;&#x644;&#x645; &#x627;&#x633;&#x644;&#x627;&#x645; &#x6A9;&#x6CC; &#x627;&#x62E;&#x644;&#x627;&#x642;&#x6CC; &#x635;&#x648;&#x631;&#x62A; &#x62D;&#x627;&#x644; # # &#x2BB;&#x100;lam-i Isl&#x101;m k&#x12B; a&#x1E35;&#x1E96;l&#x101;q&#x12B; &#x1E63;&#x16B;rat-i &#x1E25;&#x101;l /</subfield>
    <subfield code="c">&#x627;&#x633;&#x631;&#x627;&#x631; &#x639;&#x627;&#x644;&#x645;.  # # Asr&#x101;r &#x2BB;&#x100;lam.</subfield>
  </datafield>
  <datafield tag="264" ind1=" " ind2="1">
    <subfield code="a">&#x646;&#x626;&#x6CC; &#x62F;&#x6C1;&#x644;&#x6CC; :    Na&#x2BC;&#x12B; Dihl&#x12B; :</subfield>
    <subfield code="b">Q&#x101;&#x1E93;&#x12B; Pablisharz ain&#x1E0D; &#x1E0C;is&#x1E6D;r&#x12B;biy&#x16B;&#x1E6D;arz,      &#x642;&#x627;&#x636;&#x6CC; &#x67E;&#x628;&#x644;&#x634;&#x631;&#x632; &#x627;&#x64A;&#x646;&#x688; &#x688;&#x633;&#x679;&#x631;&#x64A; &#x628;&#x64A;&#x648;&#x679;&#x631;&#x632;&#x60C;</subfield>
    <subfield code="c">1996.</subfield>
  </datafield>
  <datafield tag="300" ind1=" " ind2=" ">
    <subfield code="a">455 pages ;</subfield>
    <subfield code="c">23 cm</subfield>
  </datafield>
  <datafield tag="650" ind1=" " ind2=" ">
    <subfield code="a">Islam</subfield>
  </datafield>
  <datafield tag="942" ind1=" " ind2=" ">
    <subfield code="2">ddc</subfield>
    <subfield code="c">BK</subfield>
  </datafield>
  <datafield tag="999" ind1=" " ind2=" ">
    <subfield code="c">80443</subfield>
    <subfield code="d">80443</subfield>
  </datafield>
  <datafield tag="952" ind1=" " ind2=" ">
    <subfield code="0">0</subfield>
    <subfield code="1">0</subfield>
    <subfield code="2">ddc</subfield>
    <subfield code="4">0</subfield>
    <subfield code="7">1</subfield>
    <subfield code="8">NFIC</subfield>
    <subfield code="a">RUCL</subfield>
    <subfield code="b">RUCL</subfield>
    <subfield code="c">Reading</subfield>
    <subfield code="d">2008-01-04</subfield>
    <subfield code="e">Future group , new delhi</subfield>
    <subfield code="l">0</subfield>
    <subfield code="o">U 909.09767 ALA 1992</subfield>
    <subfield code="r">2022-09-27 00:00:00</subfield>
    <subfield code="t">C-1</subfield>
    <subfield code="w">2022-09-27</subfield>
    <subfield code="y">BK</subfield>
  </datafield>
</record>
